Marvel Heroes from the 1970's (obscure edition) - Statistics

General Stats
  • This quiz has been taken 6 times
  • The average score is 10 of 14
Answer Stats
Year Hint Answer % Correct
1978 Member of the above-mentioned team and, later, the Guardians of the Galaxy. Bug
100%
1978 Swordswoman and member of the above-mentioned team. Marionette
83%
1979 Space-faring cyborg superhero based on a Hasbro toy. Rom the Spaceknight
83%
1976 Tornado cowboy and sometimes-member of the Rangers. Texas Twister
83%
1978 A Soviet Super Soldier and brother to Darkstar. Vanguard
83%
1978 Leader of a team from the Microverse and based on a Hasbro toy line. Arcturus Rann
67%
1979 The name of several individuals who have each been empowered by a sentient cosmic force. Captain Universe
67%
1975 Wears a suit equipped with jet fans which was later given to Mickey Musashi, a.k.a. Turbo. Torpedo
67%
1973 A Superman pastiche with the mental and emotional maturity of a child. Wundarr the Aquarian
67%
1978 A member of, and later the head of, Tony Stark's security team, as well as one of his love interests. Bethany Cabe
50%
1976 A superhero with an extremely wide variety of powers given to him via alien hypnosis. Captain Ultra
50%
1973 A reformed former Iron Man villain with a suit of armor providing force field abilities. Force
50%
1977 A young Japanese-American superheroine who fought the axis during WWII. Golden Girl (Gwen Sabuki)
50%
1979 An immortal vigilante who began his crime-fighting career in the 1920's. Night Raven
50%
No matching quizzes found
Score Distribution
Percent of People with Each Score
Percentile by Number Answered
Your Score History
You have not taken this quiz